00000000nam 2200000zi 4500
0019.925682
003CaOODSP
00520241121114306
006m     o  d f      
007cr |n|||||||||
008230626e19940831qucb    o    f|0| 0 fre d
040 |aCaOODSP|bfre|erda|cCaOODSP
043 |an-cn-qu
0861 |aCW66-1218/1994F-PDF
1001 |aRoy, Claude, |eauteur.
24510|aRapport sur l'inventaire des sites de reproduction du Pluvier siffleur aux Îles-de-la-Madeleine - 1994 / |cpar Claude Roy.
264 1|a[Sainte-Foy, Québec] : |b[Service canadien de la faune], |c31 août 1994.
300 |a1 ressource en ligne (1 volume (pagination multiple)) : |bcarte
336 |atexte|btxt|2rdacontent/fre
337 |ainformatique|bc|2rdamedia/fre
338 |aressource en ligne|bcr|2rdacarrier/fre
500 |aÉdition numérisée de l’imprimé [par Environnement et changement climatique Canada].
500 |a« Présenté à : Environnement Canada, Conservation et Protection. »
500 |a« No. de référence d'ASC : XSK93-00022-(305). »
500 |a« No. Contrat : KA313-0119/01-XSK. »
650 6|aPluvier siffleur|zQuébec (Province)|zLes Îles-de-la-Madeleine.
650 0|aPiping plover|zQuébec (Province)|zIles-de-la-Madeleine.
7101 |aCanada. |bEnvironnement Canada, |eorganisme de publication.
7102 |aService canadien de la faune, |eorganisme de publication.
85640|qPDF|s1.46 Mo|uhttps://publications.gc.ca/collections/collection_2024/eccc/cw66/CW66-1218-1994-fra.pdf